| 000 | 01001cam a2200277 4500 | ||
|---|---|---|---|
| 001 | ABS62321 | ||
| 008 | 000000n2000 000 0 eng u | ||
| 035 | _a(Sirsi) u106139 | ||
| 100 | _aPalmer, J. | ||
| 245 | _aUrban heat islands | ||
| 260 | _c2000 | ||
| 490 |
_aBuilding Services Journal _v May 2000, 55-56(2) |
||
| 520 | _aDiscusses how urban environments create urban heat islands, and how this effects fuel use in buildings. The article is based on the DETR funded project of London's heat island by the BRE and Brunel University "Site layout planning to improve solar access, passive cooling and micoclimate". Graphs. | ||
| 590 | _aABS | ||
| 650 | _aMICROCLIMATE | ||
| 650 | _aURBAN HEAT ISLANDS | ||
| 650 | _aBRE | ||
| 650 | _aURBAN AREAS | ||
| 650 | _aENERGY USE | ||
| 650 | _aSOLAR GAIN | ||
| 690 | _aENVIRONMENTAL AND LAND CONSULTANCY-ENERGY-ENERGY USE-ENERGY EFFICIENCY | ||
| 700 | _aLittlefair, P | ||
| 700 | _aWatkins, R | ||
| 700 | _aKolokotroni, M | ||
| 942 | _n0 | ||
| 999 |
_c63589 _d63589 |
||